Central Library OPAC University of Rajshahi

An introduction to the theory of mechanics / (Record no. 52203)

MARC details
000 -LEADER
fixed length control field 00627nam a2200229 a 4500
001 - CONTROL NUMBER
control field 52203
003 - CONTROL NUMBER IDENTIFIER
rucl marc code BD-RJUL
005 - DATE AND TIME OF LATEST TRANSACTION
control field 20211209075752.0
008 - FIXED-LENGTH DATA ELEMENTS--GENERAL INFORMATION
fixed length control field 160906s1951 sy 000 0 und d
035 ## - SYSTEM CONTROL NUMBER
System control number (BD-RJUL)52323
040 ## - CATALOGING SOURCE
Original cataloging agency EQO
Transcribing agency EQO
Language of cataloging eng
Modifying agency BD-RJUL
041 ## - LANGUAGE CODE
Language code of text/sound track or separate title eng
082 ## - DEWEY DECIMAL CLASSIFICATION NUMBER
Edition number 23
Classification number 531
Author mark and year BUI 1951
100 10 - MAIN ENTRY--PERSONAL NAME
Personal name Bullen, K. E.
Dates associated with a name 1906-.
9 (RLIN) 156149
245 13 - TITLE STATEMENT
Title An introduction to the theory of mechanics /
Statement of responsibility, etc. K. E. Bullen
250 ## - EDITION STATEMENT
Edition statement 2nd ed.
260 ## - PUBLICATION, DISTRIBUTION, ETC. (IMPRINT)
Place of publication, distribution, etc. Science press :
Name of publisher, distributor, etc. Sydney,
Date of publication, distribution, etc. 1951
300 ## - PHYSICAL DESCRIPTION
Pagination xvi, 368 p. :
Illustrations ill . ;
Size 24 cm.
500 ## - GENERAL NOTE
General note Include index
650 ## - SUBJECT ADDED ENTRY--TOPICAL TERM
Topical term or geographic name as entry element Mechanics.
9 (RLIN) 156150
942 ## - ADDED ENTRY ELEMENTS (KOHA)
Source of classification or shelving scheme Dewey Decimal Classification
Koha item type Books
Holdings
Lost status Source of classification or shelving scheme Damaged status Not for loan Collection code Permanent Location Current Location Shelving location Date acquired Source of acquisition Total Checkouts Full call number Date last seen Copy number Koha item type Cost, normal purchase price
  Dewey Decimal Classification     Non-fiction Central Library, University of Rajshahi Central Library, University of Rajshahi   13/01/1966 Zeitlinger   531 BUI 1951 06/09/2016 C-2 Books  
  Dewey Decimal Classification     Non-fiction Central Library, University of Rajshahi Central Library, University of Rajshahi   22/04/1966 Common Wealth Awstralia   531 BUI 1951 19/09/2016 C-3 Books  
  Dewey Decimal Classification   Not For Loan Non-fiction Central Library, University of Rajshahi Central Library, University of Rajshahi Reading Room 26/01/1956 Simkin Marshall Ltd.   531 BUI 1951 09/04/2017 C-1 Books 1.50